000 01078njm a22002417a 4500
005 20100907103351.0
007 sd ammalaaahaa
008 100907t xxu||||| |||| 00| 0 hin d
028 _aEAHA 1001
_bAngel Records
035 _aGR- 00995
040 _aSED/VEN
100 _aSaigal, K.L.
_91184
245 _aMemories Of Greatness Part 1 :
_bThe Golden Voice /
_cby K.L. Saigal
_h[sound recording] :
246 _aमेमोरिएस ऑफ़ ग्रेअत्नेस (क .ल . सैगल)
_b
260 _aDum Dum, India
_bHis Master's Voics
300 _a1sound disc [Gramophone record] :
_banalog, 33. 1/3 rpm
_c12 in.(LP)
_fGramophone record
500 _aBrief record.
505 _a Babul mora naihar (Street Singer) (K.L. Saigal) बाबुल मोरा नैहर भाग १,Aye dil-e-beqarar (Shah Jehan) Aye Dil-E-Beqarar (Shah Jehan) भाग २
_t
650 _aClassical Music
_xExcerpts
_zIndia
_918680
700 _918681
942 _2ddc
_cGR
999 _c44219
_d44219